Harm reduction in Malaysia : an assessment on the knowledge, attitude and readiness of the police officers' towards the implementation of initiatives /
محفوظ في:
| المؤلف الرئيسي: | |
|---|---|
| التنسيق: | أطروحة كتاب |
| اللغة: | English |
| منشور في: |
2011
|
| الموضوعات: | |
| الوسوم: |
إضافة وسم
لا توجد وسوم, كن أول من يضع وسما على هذه التسجيلة!
|
| LEADER | 01420cam a2200337 a 4500 | ||
|---|---|---|---|
| 001 | u837764 | ||
| 003 | SIRSI | ||
| 005 | 201108241227 | ||
| 008 | 110824s2011 my t 000 0 eng m | ||
| 040 | |a UMU | ||
| 043 | |a a-my--- | ||
| 092 | |a K668 |b Man | ||
| 100 | 0 | |a Saravanakumar Maniam. | |
| 245 | |a Harm reduction in Malaysia : |b an assessment on the knowledge, attitude and readiness of the police officers' towards the implementation of initiatives / |c by Saravanakumar A/L Maniam. | ||
| 260 | |c 2011 | ||
| 300 | |a xi, 80 leaves : |b ill. ; |c 30 cm. | ||
| 500 | |a PUU. | ||
| 500 | |a List of statutes: leaves viii. | ||
| 500 | |a List of table: leaves x. | ||
| 502 | |a Research project (M.CJ) -- Fakulti Undang-Undang, Universiti Malaya, 2011. | ||
| 504 | |a Bibliography: leaves 76-79. | ||
| 610 | 2 | 0 | |a Polis DiRaja Malaysia |
| 650 | 0 | |a Harm reduction |z Malaysia. | |
| 650 | 0 | |a HIV infections |z Malaysia |x Prevention. | |
| 650 | 0 | |a AIDS (Disease) |z Malaysia |x Prevention. | |
| 710 | 2 | 0 | |a Universiti Malaya. |b Fakulti Undang-Undang. |
| 900 | |a NAD | ||
| 596 | |a 4 | ||
| 999 | |a K668 MAN |w LACLL |c 1 |i A514943618 |d 8/3/2018 |e 8/3/2018 |f 14/11/2011 |g 1 |l RESTRICTED |m P04UNDANG |n 1 |r N |s Y |t TESIS |u 14/11/2011 | ||
| 999 | |a K668 MAN |w LACLL |c 2 |i A514943635 |d 14/11/2011 |f 14/11/2011 |g 1 |l B_KOM3 |m P04UNDANG |r N |s Y |t TESIS |u 14/11/2011 | ||
| 999 | |a K668 MAN |w LACLL |c 3 |i A514943621 |d 14/11/2011 |f 14/11/2011 |g 1 |l B_KOM3 |m P04UNDANG |r N |s Y |t TESIS |u 14/11/2011 | ||
